Дайте нам организацию революционеров...(1895-1903)

গ্রন্থ-পঞ্জীর বিবরন
অন্যান্য লেখক: Джабиева З. А. (составитель), Середа А. И.
ভাষা:রুশ
প্রকাশিত: Москва, Политиздат, 1987
বিষয়গুলি:
বিন্যাস: গ্রন্থ
KOHA link:https://koha.lib.tpu.ru/cgi-bin/koha/opac-detail.pl?biblionumber=269206

MARC

LEADER 00000nam0a2200000 4500
001 269206
005 20231101234232.0
035 |a (RuTPU)RU\TPU\book\292379 
090 |a 269206 
100 |a 20140915d1987 m y0rusy50 ca 
101 0 |a rus 
102 |a RU 
105 |a y z 000zy 
200 1 |a Дайте нам организацию революционеров...(1895-1903)  |f сост. З. А. Джабиева, А. И. Середа 
210 |a Москва  |c Политиздат  |d 1987 
215 |a 639 с. 
606 1 |a Партийное строительство  |x До октябрьский период  |2 stltpush  |3 (RuTPU)RU\TPU\subj\48338  |9 67211 
610 1 |a революционеры 
610 1 |a воспоминания 
610 1 |a РСДРП 
610 1 |a большевизм 
686 |a Ф61(2)252  |2 rubbk 
702 1 |a Джабиева  |b З. А.  |4 220 
702 1 |a Середа  |b А. И.  |4 220 
801 1 |a RU  |b 63413507  |c 20140915 
801 2 |a RU  |b 63413507  |c 20151211  |g RCR 
942 |c BK